| 000 | 00592nam a2200181Ia 4500 | ||
|---|---|---|---|
| 003 | GCL | ||
| 008 | 140319s9999 xx 000 0 ara d | ||
| 040 |
_aGCL / _cGCL |
||
| 082 | 0 | 4 |
_a924 _bق ت |
| 100 | 1 | _aالقاضى المفضل بن محمد بن مسعر | |
| 245 | 1 | 0 |
_aتاريخ العلماء النحويين من البصريين والكوفيين وغيرهم / _cالقاضى المفضل بن محمد بن مسعر |
| 260 |
_a[S.N] : _bدار هجر ، _c1992 |
||
| 300 | _a339 ص | ||
| 490 | _a | ||
| 650 | 0 | 4 | _aالعلماء |
| 650 | 0 | 4 | _aالنحو |
| 942 |
_2ddc _cBK |
||
| 999 |
_c28327 _d28327 |
||